000 00468nam a2200145Ia 4500
003 OSt
005 20260129111930.0
008 211028s2018 xx 000 0 und d
040 _cAIMIT LIBRARY
041 _aeng
100 _aAntony, Kiran; D Souza, Lestan.
_g1616084
_97840
245 _aStudy on customer perception towards Nolta kitchenware with special reference to Nolta outlet Cochin /
260 _aMangalore
_bRoyce Winfred Baretto.
_c2018
942 _2ddc
_cPRO
999 _c219408
_d219408